[Event "?"]
[Site "?"]
[Date "2004.04.02"]
[Round "12.41"]
[White "Jiretorn, E."]
[Black "Mammadova, N."]
[Result "1-0"]
[WhiteElo "2154"]
[BlackElo "2104"]
[PlyCount "63"]
[EventDate "2004.03.21"]

1. d4 Nf6 2. c4 g6 3. Nc3 Bg7 4. e4 d6 5. Be2 O-O 6. Bg5 c5 7. dxc5 Qa5 8. Bd2
Qxc5 9. Nf3 Nbd7 10. b4 Qc7 11. Rc1 a5 12. a3 axb4 13. axb4 b6 14. O-O Bb7 15.
Nd5 Qd8 16. Bd3 Ng4 17. Bg5 Re8 18. Be2 h6 19. Bh4 Ngf6 20. Qd3 Ra2 21. Rc2
Rxc2 22. Qxc2 Qc8 23. Bd3 e6 24. Nc3 d5 25. Bxf6 Nxf6 26. e5 dxc4 27. Bxg6 Ng4
28. Bh7+ Kh8 29. Nb5 Nxe5 30. Nd6 Nxf3+ 31. gxf3 Qc6 32. Nxf7# 1-0

[Event "?"]
[Site "?"]
[Date "2004.04.02"]
[Round "12.42"]
[White "Karahaliou, E."]
[Black "Fuchs, A."]
[Result "0-1"]
[WhiteElo "2132"]
[BlackElo "2099"]
[PlyCount "116"]
[EventDate "2004.03.21"]

1. e4 c5 2. Nf3 d6 3. d4 cxd4 4. Nxd4 Nf6 5. Nc3 a6 6. Be3 e6 7. g4 d5 8. e5
Nfd7 9. f4 Be7 10. Qf3 Bh4+ 11. Bf2 Nc6 12. O-O-O Ncxe5 13. fxe5 Nxe5 14. Bxh4
Qxh4 15. Qe2 Nxg4 16. Nf3 Qh6+ 17. Kb1 O-O 18. Rg1 f5 19. Rd3 b5 20. Nd1 Ra7
21. Qg2 e5 22. Nxe5 Nxe5 23. Qxd5+ Qe6 24. Qxe6+ Bxe6 25. Re3 Re7 26. Rxe5
Bxa2+ 27. Kxa2 Rxe5 28. Bd3 Kf7 29. Nf2 h6 30. Kb3 g5 31. Ra1 Ra8 32. Kb4 Kf6
33. Ra5 h5 34. Ra3 g4 35. Rc3 a5+ 36. Kb3 h4 37. Rc6+ Kg5 38. Rc7 Rg8 39. Rh7
g3 40. hxg3 hxg3 41. Nh3+ Kf6 42. Ng1 g2 43. Ra7 Rg3 44. Rxa5 Re1 45. Rxb5 Rxg1
46. Rxf5+ Ke6 47. Rf2 Rb1 48. Rxg2 Rxg2 49. Kc3 Rg3 50. b3 Kd5 51. Kd2 Rh1 52.
Kc3 Rh4 53. Kd2 Kc5 54. Kc3 Rf4 55. Kd2 Kb4 56. Bh7 Rf2+ 57. Kc1 Kc3 58. Kb1
Rf7 0-1

[Event "?"]
[Site "?"]
[Date "2004.04.02"]
[Round "12.43"]
[White "Chilingirova, P."]
[Black "Winnicki, A."]
[Result "1-0"]
[WhiteElo "2201"]
[BlackElo "2013"]
[PlyCount "63"]
[EventDate "2004.03.21"]

1. d4 d5 2. Nf3 Nc6 3. g3 f6 4. c4 Bg4 5. Bg2 e6 6. Qa4 Bb4+ 7. Bd2 Bxf3 8.
Bxf3 Bxd2+ 9. Nxd2 Nge7 10. Rd1 O-O 11. e3 Qd7 12. Qb3 Na5 13. Qc3 Nxc4 14.
Nxc4 dxc4 15. Bxb7 Rab8 16. Bf3 Nd5 17. Qxc4 Rxb2 18. O-O Rfb8 19. Rc1 R8b4 20.
Qa6 Ra4 21. Qc6 Qxc6 22. Rxc6 Raxa2 23. Rxe6 Nb4 24. Re7 c6 25. Rc7 a5 26. Bg4
Kf8 27. Be6 Ra3 28. Rf7+ Ke8 29. Rxg7 a4 30. e4 Rc3 31. d5 cxd5 32. exd5 1-0

[Event "?"]
[Site "?"]
[Date "2004.04.02"]
[Round "12.44"]
[White "Lauterbach, I."]
[Black "Von Herman, B."]
[Result "1/2-1/2"]
[WhiteElo "2171"]
[BlackElo "2066"]
[PlyCount "114"]
[EventDate "2004.03.21"]

1. d4 d5 2. c4 e6 3. Nc3 Nf6 4. Bg5 Be7 5. e3 h6 6. Bh4 c6 7. h3 dxc4 8. Bxc4
b5 9. Be2 Bb7 10. Nf3 Nbd7 11. O-O a6 12. Rc1 Rc8 13. Nb1 O-O 14. Nbd2 c5 15.
dxc5 Bxc5 16. Nb3 Bb6 17. Nbd4 Nc5 18. Ne5 Qd5 19. Nef3 Nce4 20. Bxf6 gxf6 21.
Rxc8 Rxc8 22. a4 b4 23. Bd3 f5 24. Qe2 Bxd4 25. exd4 Ng5 26. Bxa6 Nxf3+ 27.
gxf3 Bxa6 28. Qxa6 Ra8 29. Qd3 Rxa4 30. Qe3 f4 31. Qxf4 Qg5+ 32. Qg3 b3 33. Rd1
Ra2 34. Rd2 Kf8 35. Qxg5 hxg5 36. Kf1 Ke7 37. Ke2 Kd6 38. Kd3 Ra1 39. Kc4 Rh1
40. Rd3 Rxh3 41. Rxb3 Rh2 42. Ra3 Rxf2 43. b4 Rc2+ 44. Kd3 Rb2 45. Kc3 Rf2 46.
Kc4 Rc2+ 47. Kd3 Rb2 48. Ra6+ Kd5 49. Ra5+ Kd6 50. Kc3 Rf2 51. Rxg5 Rxf3+ 52.
Kc4 Rf1 53. Ra5 Rc1+ 54. Kd3 Rb1 55. Kc4 Rc1+ 56. Kd3 Rb1 57. Kc4 Rc1+ 1/2-1/2

[Event "?"]
[Site "?"]
[Date "2004.04.02"]
[Round "12.45"]
[White "Topel, Z."]
[Black "Dimovski, A."]
[Result "0-1"]
[WhiteElo "2056"]
[BlackElo "2111"]
[PlyCount "122"]
[EventDate "2004.03.21"]

1. d4 Nf6 2. c4 g6 3. Nc3 Bg7 4. e4 d6 5. f3 O-O 6. Be3 e5 7. Nge2 Nc6 8. Qd2
h5 9. d5 Ne7 10. Nc1 Kh7 11. Bd3 Nfg8 12. N1e2 a6 13. O-O Bh6 14. f4 f5 15.
fxe5 dxe5 16. exf5 Nxf5 17. Bxh6 Ngxh6 18. Ne4 b5 19. N2g3 c6 20. d6 h4 21.
Ng5+ Kg7 22. N3e4 Nxd6 23. Nc5 Rxf1+ 24. Rxf1 Qe7 25. Nge4 Nxe4 26. Nxe4 Bf5
27. Qc2 Rd8 28. c5 Rd4 29. Nf2 Rc4 30. Qe2 Rxc5 31. Re1 Rd5 32. Be4 Bxe4 33.
Qxe4 Nf5 34. Nd3 Qa7+ 35. Kf1 Qd4 36. Nxe5 Qxe4 37. Rxe4 Rd1+ 38. Kf2 Rd2+ 39.
Re2 Rxe2+ 40. Kxe2 c5 41. b3 g5 42. Nd7 Nd4+ 43. Ke3 Ne6 44. Nb8 a5 45. a4 c4
46. axb5 cxb3 47. Kd2 Nd4 48. Kc3 a4 49. Kb2 Nxb5 50. Na6 Nd6 51. Nc5 Nc4+ 52.
Kb1 Nd2+ 53. Kb2 Nf1 54. Nxa4 Nxh2 55. Nc3 Nf1 56. Nd5 g4 57. Nf4 Kf6 58. Kxb3
Kf5 59. Ne2 Ne3 60. Kc3 Nxg2 61. Kd3 Nf4+ 0-1

[Event "?"]
[Site "?"]
[Date "2004.04.02"]
[Round "12.46"]
[White "Apanaviciute, K."]
[Black "Cinar, N."]
[Result "1-0"]
[WhiteElo "2041"]
[BlackElo "2092"]
[PlyCount "75"]
[EventDate "2004.03.21"]

1. e4 c5 2. Nf3 Nc6 3. d4 cxd4 4. Nxd4 e5 5. Nb5 d6 6. N1c3 a6 7. Na3 b5 8. Nd5
Nf6 9. Bg5 Be7 10. Nxe7 Nxe7 11. Bd3 d5 12. Bxf6 gxf6 13. exd5 Qxd5 14. f3 f5
15. Qe2 Bb7 16. c4 bxc4 17. Nxc4 O-O 18. O-O f6 19. Kh1 Rad8 20. Rfd1 Qe6 21.
Na5 Bd5 22. b4 Kh8 23. Bxa6 Rd6 24. Bc4 Rfd8 25. Bb3 Qd7 26. Bxd5 Rxd5 27. Rxd5
Qxd5 28. a3 Qd4 29. Rb1 Rg8 30. b5 Ng6 31. Nc6 Qb6 32. g3 Rc8 33. Rd1 f4 34. g4
Nh4 35. Rd7 Re8 36. Qe4 Ng6 37. Qf5 Rf8 38. Qh5 1-0

[Event "?"]
[Site "?"]
[Date "2004.04.02"]
[Round "12.47"]
[White "Bakalarz, G."]
[Black "Hafenstein, A."]
[Result "0-1"]
[WhiteElo "2082"]
[BlackElo "2051"]
[PlyCount "100"]
[EventDate "2004.03.21"]

1. d4 Nf6 2. Nf3 g6 3. Bg5 Bg7 4. Nbd2 b6 5. e4 d6 6. c3 h6 7. Bxf6 Bxf6 8. Bc4
c6 9. Qb3 O-O 10. a4 Bg7 11. O-O Ba6 12. Rfe1 Bxc4 13. Qxc4 d5 14. exd5 cxd5
15. Qd3 Nd7 16. Nf1 e6 17. Ng3 Rc8 18. h3 Qc7 19. Ra3 Qc4 20. Qe3 a6 21. Nd2
Qc6 22. Qd3 Qb7 23. f4 Rfe8 24. Nf3 a5 25. Rb3 Qc7 26. Ne5 Bxe5 27. fxe5 Kg7
28. Qf3 Qc4 29. Ra3 b5 30. Rf1 Rf8 31. axb5 Qxb5 32. Rf2 f5 33. exf6+ Rxf6 34.
Qe2 Qxe2 35. Rxe2 Ra8 36. Nf1 h5 37. Nd2 h4 38. Nf3 Nb6 39. Nxh4 a4 40. b3 Raf8
41. bxa4 Rf1+ 42. Kh2 g5 43. Nf3 g4 44. hxg4 Nc4 45. Raa2 Nd6 46. Ng5 Rh8+ 47.
Kg3 Rh6 48. Nxe6+ Kh8 49. g5 Nf5+ 50. Kg4 Rh4# 0-1

[Event "?"]
[Site "?"]
[Date "2004.04.02"]
[Round "12.48"]
[White "Roelli, C."]
[Black "Schulz, S."]
[Result "0-1"]
[WhiteElo "2020"]
[BlackElo "2079"]
[PlyCount "120"]
[EventDate "2004.03.21"]

1. d4 d5 2. c4 e5 3. e3 exd4 4. Qxd4 Nf6 5. Nc3 Nc6 6. Qd1 Be6 7. cxd5 Nxd5 8.
Bd2 Ndb4 9. Bc1 Ne5 10. b3 Qxd1+ 11. Kxd1 O-O-O+ 12. Ke2 Ned3 13. Nf3 g6 14.
Nd4 Bg7 15. a3 Bxd4 16. exd4 Nxc1+ 17. Rxc1 Nc6 18. d5 Bxd5 19. Nxd5 Rxd5 20.
Rc3 Nd4+ 21. Ke3 Re8+ 22. Kf4 g5+ 23. Kg3 h5 24. Bc4 Ne2+ 25. Bxe2 Rxe2 26. h4
g4 27. f3 f5 28. fxg4 fxg4 29. Rf1 Re7 30. Rf8+ Kd7 31. Rb8 Rb5 32. Rd3+ Kc6
33. Rg8 Rf5 34. Rc3+ Kb6 35. Rg5 Ree5 36. Rg7 c5 37. a4 a6 38. a5+ Kc6 39. Rd3
Re6 40. Rg5 Ref6 41. Rg7 b6 42. axb6 Kxb6 43. Rdd7 Ka5 44. Rb7 Rd5 45. Rg5 Rff5
46. Rxf5 Rxf5 47. Rb8 c4 48. bxc4 Rc5 49. Kf4 Rxc4+ 50. Kg5 Rc5+ 51. Kg6 Ka4
52. Rh8 a5 53. Rxh5 Rxh5 54. Kxh5 Kb5 55. Kg6 a4 56. h5 a3 57. h6 a2 58. Kf7
a1=Q 59. Kg8 Qa8+ 60. Kg7 Qxg2 0-1

[Event "?"]
[Site "?"]
[Date "2004.04.02"]
[Round "12.49"]
[White "Horn, E."]
[Black "Seps, M."]
[Result "1/2-1/2"]
[WhiteElo "2051"]
[BlackElo "2078"]
[PlyCount "73"]
[EventDate "2004.03.21"]

1. e4 c5 2. Nc3 d6 3. f4 g6 4. Nf3 Bg7 5. Bb5+ Bd7 6. Bxd7+ Qxd7 7. O-O Nc6 8.
d3 e6 9. Be3 Nd4 10. Rb1 Ne7 11. Ne2 Nxe2+ 12. Qxe2 O-O 13. c3 b6 14. d4 Qc6
15. Bf2 d5 16. e5 Rac8 17. Nd2 a5 18. dxc5 bxc5 19. Nb3 d4 20. cxd4 c4 21. Nc5
Nd5 22. Bg3 Rfd8 23. Bh4 Re8 24. Ne4 Bf8 25. Rf3 Qb6 26. Rd1 Rb8 27. Qxc4 Qxb2
28. Rf2 Qb6 29. Nf6+ Nxf6 30. Bxf6 Rec8 31. Qd3 Qc6 32. f5 Qd5 33. fxg6 fxg6
34. Bg5 Rb4 35. Be3 Rbc4 36. Rdf1 Bg7 37. Qe2 1/2-1/2

[Event "?"]
[Site "?"]
[Date "2004.04.02"]
[Round "12.50"]
[White "Ozturk, K."]
[Black "Grossmann, S."]
[Result "1-0"]
[WhiteElo "1957"]
[BlackElo "1977"]
[PlyCount "81"]
[EventDate "2004.03.21"]

1. d4 d6 2. e4 Nf6 3. f3 g6 4. Be3 c6 5. Qd2 Nbd7 6. Nc3 b5 7. O-O-O Qa5 8. Kb1
Rb8 9. g4 a6 10. Nh3 Nb6 11. Nd5 Qxd2 12. Nxf6+ exf6 13. Bxd2 Be6 14. b3 h5 15.
gxh5 Rxh5 16. Nf4 Rh7 17. Bd3 Kd7 18. Be3 Kc7 19. Kc1 Bh6 20. Kd2 Rbh8 21. Rdg1
Bxf4 22. Bxf4 Kd7 23. Bg3 Nc8 24. c4 bxc4 25. bxc4 Ne7 26. Rb1 Rc8 27. Rb7+ Rc7
28. Rxc7+ Kxc7 29. c5 Nc8 30. Bxa6 Bxa2 31. Ra1 Be6 32. Rb1 Rh8 33. cxd6+ Kd8
34. Rb8 Rh5 35. e5 g5 36. Kc1 g4 37. Be1 Rxh2 38. Ba5+ Ke8 39. Bxc8 Bxc8 40.
Rxc8+ Kd7 41. Rc7+ 1-0

[Event "?"]
[Site "?"]
[Date "2004.04.02"]
[Round "12.54"]
[White "Cavusoglu, Y."]
[Black "Oney, F."]
[Result "1/2-1/2"]
[WhiteElo "2013"]
[BlackElo "1809"]
[PlyCount "89"]
[EventDate "2004.03.21"]

1. d4 Nf6 2. Nf3 e6 3. c4 b6 4. Nc3 Bb7 5. e3 Be7 6. Bd3 O-O 7. O-O d5 8. b3
Nbd7 9. Bb2 c5 10. Ne5 Rc8 11. Qe2 Bd6 12. f4 Ne4 13. Bxe4 dxe4 14. Nxd7 Qxd7
15. Nb5 a6 16. Nxd6 Qxd6 17. Rad1 Rfd8 18. Qg4 Qe7 19. f5 exf5 20. Rxf5 Rd6 21.
Re5 Qf8 22. d5 Rg6 23. Qxe4 Rd8 24. Re7 Bc8 25. g3 Bd7 26. d6 Re6 27. Rxe6 Bxe6
28. Qe5 Re8 29. Qf4 Bd7 30. e4 Re6 31. e5 Qc8 32. Rf1 Be8 33. Qf3 Rg6 34. h4
Qh3 35. Kf2 Qe6 36. Kg2 Qc8 37. Kh2 Re6 38. h5 h6 39. Qg4 Bc6 40. Qf5 Qb7 41.
Rd1 Bd7 42. Rf1 Be8 43. Bc1 Bc6 44. Bb2 Re8 45. Qf3 1/2-1/2